| 000 | 01497nam a22001457a 4500 | ||
|---|---|---|---|
| 999 |
_c525470 _d525470 |
||
| 008 | 240305b ||||| |||| 00| 0 eng d | ||
| 100 |
_aSingh, Priyanka and Narayan, Abinash _950237 |
||
| 245 | _aConditions of labour of informal sector in Bihar: A case of brick kiln industry in South Gangetic plain | ||
| 260 | _aBihar Journal of Public Administration | ||
| 300 | _a20(2 S), Jul-Dec, 2023: p.630-637 | ||
| 520 | _a Labour force engaged in informal sector in rural Bihar irrespective of being engaged in agricultural or non-agricultural, work in miserable conditions. So far the workers engaged in brick kiln industry are concerned, they face peculiar conditions as they have neither agricultural job nor industrial job in true sense. Such labour force, despite being industrial labour, work in such rural conditions that have very little facilities and worker friendly environment. With this view in mind the workers engaged in brick kiln industry were selected for the study. In view of the fact that the informal sector is the only way of generating employment opportunities in the rural economy of Bihar. It consumes all types of employment seekers, but it cannot ensure the continuity of employment and proper facilities to the workers. A quick survey of the labourers at brick kiln industries (locally known as ‘ita bhatha’) was conducted.- Reproduced http://www.iipabiharbranch.org/ | ||
| 773 | _aBihar Journal of Public Administration | ||
| 906 | _aLABOURS | ||
| 942 | _cAR | ||